عصری ملیالم کہانیاں / (Record no. 107650)

MARC details
000 -LEADER
fixed length control field 00871nam a22002657a 4500
005 - DATE AND TIME OF LATEST TRANSACTION
control field 20170123162329.0
010 ## - LIBRARY OF CONGRESS CONTROL NUMBER
LC control number A-163186
020 ## - INTERNATIONAL STANDARD BOOK NUMBER
Terms of availability 18.50
035 ## - SYSTEM CONTROL NUMBER
System control number A-163186
037 ## - SOURCE OF ACQUISITION
Source of stock number/acquisition Cen Lib/Ret
040 ## - CATALOGING SOURCE
Original cataloging agency DPL
Language of cataloging UR
082 ## - DEWEY DECIMAL CLASSIFICATION NUMBER
Classification number ک
Item number م ک ن
245 ## - TITLE STATEMENT
Title عصری ملیالم کہانیاں /
Statement of responsibility, etc ایم مکنند ؛ مرتجم عبدالحق
246 ## - VARYING FORM OF TITLE
Title proper/short title Asari malyalam kahaniyan /
Remainder of title edited by M. Maknand ; traslated by Abdul Haq
260 ## - PUBLICATION, DISTRIBUTION, ETC. (IMPRINT)
Name of publisher, distributor, etc نیشنل بک ٹرسٹ انڈیا
Date of publication, distribution, etc 1983
Place of publication, distribution, etc دہلی
270 ## - ADDRESS
City دہلی
300 ## - PHYSICAL DESCRIPTION
Extent 212p.
Dimensions 21cm(Hb)
650 ## - SUBJECT ADDED ENTRY--TOPICAL TERM
Topical term or geographic name as entry element ادب -- ملیالم
9 (RLIN) 120553
650 ## - SUBJECT ADDED ENTRY--TOPICAL TERM
Topical term or geographic name as entry element ملیالم افسانے
9 (RLIN) 1541
650 ## - SUBJECT ADDED ENTRY--TOPICAL TERM
Topical term or geographic name as entry element Malyalam -- urdu
9 (RLIN) 120554
650 ## - SUBJECT ADDED ENTRY--TOPICAL TERM
Topical term or geographic name as entry element Malyalam stories
9 (RLIN) 58243
700 ## - ADDED ENTRY--PERSONAL NAME
Personal name عبدالحق
9 (RLIN) 120555
700 ## - ADDED ENTRY--PERSONAL NAME
Personal name ایم مکنند
9 (RLIN) 460
942 ## - ADDED ENTRY ELEMENTS (KOHA)
Source of classification or shelving scheme Dewey Decimal Classification
Koha item type Urdu Bks
Classification part ک
Call number suffix م ک ن
Holdings
Withdrawn status Lost status Damaged status Not for loan Home library Current library Date acquired Source of acquisition Cost, normal purchase price Total Checkouts Full call number Barcode Date last seen Copy number Cost, replacement price Price effective from Koha item type
        Central Library Central Library 09/01/2016 Cen Lib/Ret 18.50   ک م ک ن A-163186 09/01/2016 1 18.50 09/01/2016 Urdu Bks

© Delhi Public Library
Hit Counter
free hit counter